Spanish Quiz #2 (Imperfect Tense) - Statistics

General Stats
  • This quiz has been taken 14 times
  • The average score is 11 of 18
Answer Stats
Question Answer % Correct
Nosotros _______ (correr) por el parque todos los días. corríamos
100%
Ellos _______ (dormir) hasta tarde los domingos. dormían
100%
Yo siempre _______ (jugar) al fútbol los domingos cuando era pequeño. jugaba
100%
Tú _______ (preferir) ir al cine en lugar de al teatro. preferías
100%
¿Tú _______ (trabajar) en una oficina en esa época? trabajabas
100%
Nosotros _______ (venir) a la fiesta a las 8. veníamos
100%
Ella _______ (estudiar) mucho para los exámenes. estudiaba
80%
Ellos _______ (poner) la mesa antes de cenar. ponían
80%
Nosotros _______ (sentir) mucha felicidad hoy, como cuando éramos niños. sentíamos
80%
Ellos _______ (vivir) en una casa cerca del parque. vivían
80%
Yo _______ (querer) viajar a España este verano, pero nunca lo hice. quería
75%
Tú _______ (beber) jugo de naranja por la mañana cuando vivías en la casa de tus abuelos. bebías
67%
Tú _______ (hablar) español muy bien cuando eras niño. hablabas
67%
Tú _______ (tener) una mochila muy bonita cuando eras niño. tenías
67%
Ella _______ (ir) al gimnasio todos los días. iba
63%
¿Quién _______ (cuidar) a tu perro cuando estabas de viaje? cuidaba
60%
Yo _______ (hacer) mi tarea por la tarde cuando era estudiante. hacía
60%
Nosotros _______ (trabajar) en un proyecto importante. trabajábamos
57%
Ellos _______ (andar) por el parque todos los días. andaban
50%
Tú _______ (dar) regalos en Navidad cuando eras más joven. dabas
50%
Nosotros _______ (decir) la verdad siempre. decíamos
50%
Yo _______ (ser) estudiante en la universidad cuando conocí a mi mejor amigo. era
50%
Yo _______ (leer) mucho en mi tiempo libre cuando era más joven. leía
50%
Ellos _______ (oír) música mientras estudiaban. oían
50%
Nosotros _______ (salir) todos los sábados por la tarde. salíamos
50%
Tú _______ (sentir) mucho frío en invierno. sentías
50%
Ustedes _______ (traer) sus libros a clase todos los días. traían
50%
Ella _______ (ver) la televisión por la noche. veía
50%
Nosotros _______ (ver) películas todos los fines de semana. veíamos
50%
Él _______ (venir) de un pueblo pequeño. venía
50%
Yo _______ (seguir) a mis amigos en las redes sociales. seguía
43%
Yo _______ (ver) a mis amigos los fines de semana. veía
43%
Nosotros _______ (comer) en la cafetería todos los días. comíamos
33%
Tú _______ (conocer) a muchas personas en la escuela. conocías
33%
Ustedes _______ (escribir) cartas a sus amigos durante su niñez. escribían
0%
No matching quizzes found
Score Distribution
Percent of People with Each Score
Percentile by Number Answered
Your Score History
You have not taken this quiz